000
00288nam a2200109Ia 4500
008
221009s9999 xx 000 0 und d
082
_a
891.433/PAR/N
100
_a
परदेशी
245
0
_a
जय महाकाल
260
_b
विज्ञान भारती
942
_c
BK
999
_c
65074
_d
65074